000 00729nam a2200193 a 4500
003 0
005 20250310161542.0
008 080827s19uu xx 00 eng d
050 _aPGS RS 431.A70
_b.L473 2008
100 _aLedesma, Nina Bianca B.
245 _aAnti-bacterial property of Allium sativum /
_cNina Bianca B. Ledesma.
260 _aLas PiƱas City, Philippines :
_bSouthville International School and Colleges,
_c2008.
300 _a27 pages :
_billustrations ;
_c28 cm.
504 _aIncludes bibliographical references.
650 _aGarlic
_vAntibacterial properties.
650 _aMedicinal plants
_vAntimicrobial activity.
650 _aAntibacterial agents
_vNatural products.
942 _2lcc
_cPASS
999 _c98043
_d98043